000
00311nam a2200121Ia 4500
008
220217s9999||||xx |||||||||||||| ||und||
082
_a
658.402 01 CSR
100
_a
CSR
245
0
_a
MBA enterence exame at a glance
260
_a
CSR Publication
_b
New Delhi
_c
2008
300
_b
295
650
_a
MANAGEMENT
999
_c
175681
_d
175681